| 000 | 01014nam a22003137a 4500 | ||
|---|---|---|---|
| 001 | BR9603218 | ||
| 003 | BR-BrBNA | ||
| 005 | 20230928095025.0 | ||
| 007 | ta | ||
| 008 | 230509b bl.||||| |||| 00| 0 por d | ||
| 040 |
_aBR-BrBNA _bpor _cBiblioteca Nacional de Agricultura |
||
| 041 | _a(Por) | ||
| 072 |
_aF08; F30 _b0120 _b0337 |
||
| 090 | _ 0120 BR9603218 | ||
| 100 | 1 | _aBanys, V.L. | |
| 110 | 1 |
_aEscola Superior de Agricultura de Lavras, MG (Brasil) _0Tese (Mestre em Zootecnia) |
|
| 245 | 1 | _aConsorcio milho (Zea mays, L.)e girassol (Helianthus annuus, L.): caracteristicas agronomicas, composicao quimica e degradabilidade | |
| 260 | 3 |
_aLavras, MG (Brasil): _c1994. |
|
| 300 | _a61 p. | ||
| 500 | _a27 tables; Summaries (Eng, Por); Bibliography p. 55-61 | ||
| 650 | _aMilho | ||
| 650 | _aGirassol | ||
| 650 | _aSilagem | ||
| 650 | _aConsorciacao de Cultura | ||
| 650 | _aCaracteristicas Agronomicas | ||
| 650 | _aComposicao Quimica | ||
| 909 |
_a202309 _bLucia _c55 _dLucia Elande |
||
| 942 | _cBK | ||
| 999 |
_c54050 _d54050 |
||